Beers of Mexico Quiz Stats

Quiz Updated Mar 25, 2016

Also try: Beers of the World
Challenge
Share
Tweet
Score 0/12 Timer 06:00
0 Plays Today
Hint Answer % Correct
Corona
98.1%
Dos Equis
87.3%
Tecate
63.3%
Modelo Especial
60.7%
Sol
58.7%
PacĂ­fico
51.4%
Bohemia
35.5%
Victoria
33.7%
Indio
28.6%
Carta Blanca
27.8%
Superior
22%
Noche Buena
17.7%

You're not logged in!

Compare scores with friends on all Sporcle quizzes.
Sign Up with Email
OR
Log In

You Might Also Like...

Show Comments

Extras

Top Quizzes Today


Score Distribution

Your Account Isn't Verified!

In order to create a playlist on Sporcle, you need to verify the email address you used during registration. Go to your Sporcle Settings to finish the process.